| 000 | 01465cab a2200409 4500 | ||
|---|---|---|---|
| 001 | WB3207-08 | ||
| 008 | 090401t1996 xxu||||| |||| 00| 0 eng d | ||
| 035 | _a(Sirsi) u27813 | ||
| 041 | _aeng | ||
| 245 | _aOvercoming the Docklands bomb | ||
| 260 | _c1996 | ||
| 350 | _a0 | ||
| 490 |
_aFinancial Times _v13 February 1996, 16 |
||
| 490 |
_aIndependent _v13 February 1996, 5(2) |
||
| 520 | _aLists companies worst hit by the IRA bomb in Docklands; their relocation plans and requirements. Explains how some firms are up and running just two days after the bomb thanks to an `insurance` scheme where equipment and sites are kept on standby. Despite assurances after the Baltic Exchange bombing government will not be paying out any of the estimated £100m cost of rebuilding. | ||
| 650 | _aBELL CABLEMEDIA | ||
| 650 | _aBOMB DAMAGE | ||
| 650 | _aBUILDER GROUP | ||
| 650 | _aCAP-RS | ||
| 650 | _aDISASTER PLANNING | ||
| 650 | _aENTERPRISE BUSINESS PARK | ||
| 650 | _aEUROTRADE CENTRE | ||
| 650 | _aFRANKLIN MINT | ||
| 650 | _aGOVERNMENT UNDERWRITING | ||
| 650 | _aLONDON DOCKLANDS | ||
| 650 | _aMIDLAND BANK | ||
| 650 | _aPOOL RE | ||
| 650 | _aRADIO COMMUNICATIONS AGENCY | ||
| 650 | _aRELOCATION | ||
| 650 | _aSOUTH QUAY SHOPPING CENTRE | ||
| 650 | _aTERRORISM INSURANCE | ||
| 650 | _aTERRORISM | ||
| 690 | _aPROPERTY-COMMERCIAL PROPERTY | ||
| 690 | _aOFFICE SERVICES AND ADMINISTRATION | ||
| 942 | _n0 | ||
| 948 | _c04/03/1997 | ||
| 999 |
_c18741 _d18741 |
||